000
00338nam a2200145Ia 4500
008
150201s2008 xx 000 0 und d
082
_a
615
_b
U08T
100
_a
TURLEY , SUSAN M.
245
_a
UNDERSTANDING PHARMACOLOGY
250
_a
1ST
260
_b
DORLIN
_a
INDIA
_c
2008
300
_a
562
650
_a
PHARMACOLOGY
942
_2
ddc
_c
BK
999
_c
2027
_d
2027